[Európsky sen]

Recenzia na knihu Európsky sen. Publikácia je rozdelená na úvod a tri hlavné časti rozdelené do šestnástich kapitol. V kontexte historických a sociologických príčin autor v publikácii definuje modernizmus a postmodermizmus a poukazuje na ich prepojenie na americkú a európsku víziu spoločnosti.

Enregistré dans:
Détails bibliographiques
Auteur principal: Domanická, Alica
Format: Chapitre de livre
Langue:slovaque
Sujets:
Tags: Ajouter un tag
Pas de tags, Soyez le premier à ajouter un tag!

MARC

LEADER 00000naa$a2200000$$$4500
001 0053890
005 20231018083712.4
041 0 |a slo 
044 |a SK 
245 1 0 |a [Európsky sen]  |c Alica Domanická 
520 |a Recenzia na knihu Európsky sen. Publikácia je rozdelená na úvod a tri hlavné časti rozdelené do šestnástich kapitol. V kontexte historických a sociologických príčin autor v publikácii definuje modernizmus a postmodermizmus a poukazuje na ich prepojenie na americkú a európsku víziu spoločnosti. 
610 2 0 |a Európska únia 
610 2 0 |a recenzie 
610 2 0 |a USA 
610 2 0 |a modernizmus 
610 2 0 |a postmodernizmus 
610 2 0 |a spoločnosť 
100 1 |a Domanická, Alica